00601nmm a2200169Ia 4500008004100000020001800041041000800059100001900067245011100086264005500197300001800252650004300270700001900313700002500332700002300357856005100380251105s9999||||xx |||||||||||||||||und|| a9789562849241 aspa aSoto, Ángel  0aLas relaciones chileno-brasileñas :b De la amistad sin límites al pragmatismo del gigante (1945-1964) a[Santiago de Chile, Chile] :bRil editores, c2012 a206 páginas aHistory of the Americas: Latin America aSoto, Ángel 1 a Núñez, Rogelio 1 a Garay, Cristián uhttps://public.digitaliapublishing.com/a/25582